LIBRARY & INFORMATION CENTRE, KCAET, TAVANUR

ONLINE PUBLIC ACCESS CATALOGUE (OPAC)

Digital Soil Mapping with Limited Data (Record no. 13862)

MARC details
000 -LEADER
fixed length control field 00306nam a22001337a 4500
020 ## - INTERNATIONAL STANDARD BOOK NUMBER
ISBN 9781402085918
082 ## - DEWEY DECIMAL CLASSIFICATION NUMBER
Classification number 631.45 HAR/DI
100 ## - MAIN ENTRY--AUTHOR NAME
Personal name Hartemink,Alfred E
100 ## - MAIN ENTRY--AUTHOR NAME
Personal name McBratney,Alex
245 ## - TITLE STATEMENT
Title Digital Soil Mapping with Limited Data
260 ## - PUBLICATION, DISTRIBUTION, ETC. (IMPRINT)
Name of publisher Springer
Year of publication 2008
300 ## - PHYSICAL DESCRIPTION
Number of Pages 445
942 ## - ADDED ENTRY ELEMENTS (KOHA)
Koha item type Books
Holdings
Withdrawn status Lost status Damaged status Collection code Home library Current library Shelving location Date acquired Source of acquisition Cost, normal purchase price Full call number Accession Number Koha item type
      Reference KAUAET KAUAET Reference 31/03/2012 Universal Research Books, Thrissur 5501.25 631.45 HAR/DI 23348 Books
free website counter